Statystyki dla Zawodnicy Fame MMA

Kliknij tutaj aby rozwiązać quiz!

Ogólne statystyki

  • Ten quiz został rozwiązany 153 razy
    (35 od ostatniego zresetowania)
  • Średni wynik to 105 z 176

Statystyki odpowiedzi

GalaZawodnik% Poprawnych
Fame MMA 1,2,3,4,7,10,12,13,16
Fame Friday Arena 2
Adrian "Polak" Polański
97%
Fame MMA 2,3,4,7,8,10,11,13,16,17,18,19Amadeusz "Ferrari" Roślik
97%
Fame MMA 4,15Aniela "Lil Masti" Bogusz
93%
Fame MMA 2,3,5,7,10,13,14
Fame Friday Arena 1
Dawid "Bocian" Malczyński
93%
Fame MMA 1Jakub "Guzik" Szymański
93%
Fame MMA 8,9,12,15,18
Fame Friday Arena 2
Kacper "Blonsky, Crusher" Błoński
93%
Fame MMA 3,4,6,8,10,12Kasjusz "Don Kasjo" Życiński
93%
Fame MMA 5,9,11Marcin Malczyński
93%
Fame MMA 3,4,6,7,10,13,15,18Marta "Linkimaster" Linkiewicz
93%
Fame MMA 1,4,12,17
Fame Friday Arena 2
Michał "Boxdel" Baron
93%
Fame MMA 7,16,18
Fame Friday Arena 1,2
Dariusz "Daro Lew" Kaźmierczuk
90%
Fame MMA 3,4,8,11,16,17,19
Fame Friday Arena 1
Filip "Filipek" Marcinek
90%
Fame MMA 4,6,9
Fame Friday Arena 1
Jakub "Kubańczyk" Flas
90%
Fame MMA 1,3,7,8,12,14,17,18
Fame Friday Arena 2
Maksymilian "Wiewiór" Wiewiórka
90%
Fame MMA 6,7,10,11,12,15,18,19
Fame Friday Arena 2
Arkadiusz "AroY" Tańcula
86%
Fame MMA 1,3,5,9,11,12,14,16Krystian "Krycha, Profesor" Wilczak
86%
Fame MMA 8,10,11,15,16
Fame Friday Arena 1
Marcin Dubiel
86%
Fame MMA 2,5,6,17
Fame Friday Arena 2
Marcin "Rafonix" Krasucki
86%
Fame MMA 13,16,18
Fame Friday Arena 2
Robert "Sutonator" Pasut
86%
Fame MMA 6,7Wojciech "WG" Gola
86%
Fame MMA 14
Fame Friday Arena 2
Agata "Fagata" Fąk
83%
Fame MMA 19
Fame Friday Arena 1
Alberto Simao
83%
Fame MMA 1,4,6,10Dawid "Ambro" Ambroziak
83%
Fame Friday Arena 1,2Jose "Josef Bratan" Simao
83%
Fame MMA 5,6,7,8Marcin "El Testosteron" Najman
83%
Fame MMA 12,15,17,19Marcin "The Polish Zombie" Wrzosek
83%
Fame MMA 10,14,15Mateusz "Muran" Murański
83%
Fame MMA 10,11,13,14Norman "Stormin" Parke
83%
Fame MMA 8,11,13,14,17,18,19Piotr "Szeli" Szeliga
83%
Fame MMA 5,7Tomasz Olejnik
83%
Fame MMA 6,8,10,14,16,17,18
Fame Friday Arena 2
Alan "Alanik, Braveheart" Kwieciński
79%
Fame MMA 16,18Dawid "Dzinold" Rzeźnik
79%
Fame MMA 14,15,19
Fame Friday Arena 2
Marcin "Xayoo" Majkut
79%
Fame MMA 5Mateusz "Mini Majk" Krzyżanowski
79%
Fame MMA 16,18,19Natan "Bóg Estetyki, Pierzasty" Marcoń
79%
Fame MMA 16Patryk "Bandura" Bandurski
79%
Fame MMA 2,7,8,19
Fame Friday Arena 1
Paweł "Pablo Tybori, Księżniczka" Tyburski
79%
Fame MMA 2,19
Fame Friday Arena 1
Piotr "Tybori" Tyburski
79%
Fame MMA 17,19Sebastian "Alterboy" Fabijański
79%
Fame Friday Arena 2Dominik "Japoński Drwal" Zadora
76%
Fame MMA 12,15,16Jacek "Muran" Murański
76%
Fame MMA 7,8,9,13,14,16,19Mariusz "Hejter" Słoński
76%
Fame MMA 14,16Mateusz "Tromba" Trąbka
76%
Fame MMA 14Monika "Mona" Kociołek
76%
Fame MMA 9,11Sylwester Wardęga
76%
Fame MMA 14,17Tomasz "Gimper" Działowy
76%
Fame MMA 6,8,9,12Kamila "Zusje" Smogulecka
72%
Fame MMA 5Marek "Lord Kruszwil" Kruszel
72%
Fame MMA 3,9,12Patryk "Ryba" Karaś
72%
Fame MMA 17
Fame Friday Arena 2
Paweł "Prezes FEN" Jóźwiak
72%
Fame MMA 6,8,12Piotr "Bestia" Piechowiak
72%
Fame MMA 13,14Sergiusz "Nitro" Górski
72%
Fame MMA 1,2Daniel "Magical" Zwierzyński
69%
Fame MMA 9,11,15
Fame Friday Arena 2
Filip Zabielski
69%
Fame MMA 18
Fame Friday Arena 1
Michał "Wampir" Pasternak
69%
Fame MMA 15Mikołaj "Konopskyy" Tylko
69%
Fame MMA 3,5Szymon "IsAmU" Kasprzyk
69%
Fame MMA 17Wacław "Wac Toja" Osiecki
69%
Fame MMA 3Daniel "DeeJayPallaside" Pawlak
66%
Fame MMA 1,2Dawid "Surfer" Ozdoba
66%
Fame MMA 18
Fame Friday Arena 1
Elizabeth "Lizi" Anoure
66%
Fame MMA 17,19Klaudia "Sheeya" Kołodziejczyk
66%
Fame MMA 12
Fame Friday Arena 1
Kornel "Koro" Regel
66%
Fame MMA 11,17Mikołaj "Mixer" Magdziarz
66%
Fame MMA 2,3,5Piotr "Bonus BGC" Witczak
66%
Fame MMA 13,15Rafał "Takefun" Górniak
66%
Fame MMA 1,2,7Sebastian "Ztrolowany" Nowak
66%
Fame MMA 14,16,17Wiktoria "Wiki" Jaroniewska
66%
Fame MMA 4
Fame Friday Arena 1
Adrian "Medusa" Salamon
62%
Fame MMA 7Damian "Stifler" Zduńczyk
62%
Fame MMA 15,18Jakub "Paramaxil" Frączek
62%
Fame MMA 17Kamil "Szczurek" Łaszczyk
62%
Fame Friday Arena 2Karol "Karolek" Dąbrowski
62%
Fame MMA 6,7Maciej Rataj
62%
Fame MMA 2,5Marek "AdBuster" Hoffmann
62%
Fame Friday Arena 2Martyna "Brylantynka" Janusz
62%
Fame MMA 1Michał Handke
62%
Fame MMA 7,13Paweł "Popek Monster" Mikołajuw
62%
Fame MMA 11Borys "The Tasmanian Devil" Mańkowski
59%
Fame Friday Arena 2Daniel "Ostry" Ostaszewski
59%
Fame MMA 5Ewelina "Ewelona" Kubiak
59%
Fame MMA 15,19Franciszek "Franio" Rusiecki
59%
Fame MMA 9,13Jakub "Kuba Post" Postaremczak
59%
Fame MMA 15Jamel "Neffati Brothers" Neffati
59%
Fame MMA 15Jamil "Neffati Brothers" Neffati
59%
Fame Friday Arena 2Łukasz "Mandzio" Samoń
59%
Fame MMA 6Mateusz "L-Pro" Łapot
59%
Fame MMA 8,9Patryk "Mortalcio" Baran
59%
Fame MMA 9,13,16Patryk "Patrykos" Domke
59%
Fame MMA 13Paweł "Unboxall" Smektalski
59%
Fame MMA 17,19Robert Karaś
59%
Fame MMA 18,19
Fame Friday Arena 1
Tomasz "Zadyma" Gromadzki
59%
Fame MMA 17Cezary "Czarmageddon" Jóźwik
55%
Fame MMA 11Daniel "Danny" Ferreri
55%
Fame Friday Arena 1Dominik "Jaxu" Jax
55%
Fame MMA 18Ewa "Kleo" Brodnicka
55%
Fame MMA 8,9,10,13Gabriel "Arab" Al-Sulwi
55%
Fame MMA 9,10,12Kamila "Kamiszka" Wybrańczyk
55%
Fame MMA 3,5,7Kamil "Hassi" Hassan
55%
Fame MMA 2,4,5Kamil "Kasti" Stępiński
55%
Fame MMA 11Krzysztof "Fericze" Ferenc
55%
Fame MMA 1,2,7,10Łukasz Lupa
55%
Fame MMA 6,8,12Maciej "Szewcu" Szewczyk
55%
Fame MMA 3,5Monika "Esmeralda" Godlewska
55%
Fame MMA 4,9Patryk "Kizo" Woziński
55%
Fame MMA 11Piotr "Popo" Węgrzyn
55%
Fame MMA 16Radosław "Wiejski Koks" Paszko
55%
Fame MMA 16Szymon "Szymool" Besser
55%
Fame MMA 3Szymon "Taxi Złotówa" Wrzesień
55%
Fame MMA 11Wojciech "OjWojtek" Przeździecki
55%
Fame MMA 14Adam "AJ" Josef
52%
Fame MMA 10Cezary "Czaro" Nykiel
52%
Fame MMA 6Cyprian "Cypis" Racicki
52%
Fame MMA 9,11,13Karolina "Way of Blonde" Brzuszczyńska
52%
Fame MMA 14Katarzyna "Lala Laluna" Alexander
52%
Fame MMA 19
Fame Friday Arena 1
Kuba Nowaczkiewicz
52%
Fame MMA 4,7Marcin "Mielonidas" Makowski
52%
Fame MMA 7,12,16Marta "Martirenti" Rentel
52%
Fame MMA 10Mateusz "Haribo" Gąsiewski
52%
Fame MMA 12,14,16Mateusz "Matt Fit Lovers, Matt MeKnife" Janusz
52%
Fame MMA 2Paweł Kluk
52%
Fame MMA 9,13Paweł "Ponczek" Sikora
52%
Fame Friday Arena 1Piotr "Edzio" Bylina
52%
Fame MMA 2Piotr Kluk
52%
Fame MMA 11
Fame Friday Arena 1
Aleksandr "Sasha" Muzheiko
48%
Fame MMA 6Bartosz "Qbik" Kubik
48%
Fame MMA 1Hubert "Ken" Korczak
48%
Fame MMA 4Krystian "Jongmen" Brzeziński
48%
Fame MMA 12Krzysztof "Radzik" Radzikowski
48%
Fame MMA 11Maksym "Maksymalnie" Ziółkowski
48%
Fame MMA 10Michał Gała
48%
Fame MMA 5,9Oleh "Oleg" Riaszeńczew
48%
Fame MMA 4Piotr "Knaziuu" Knaś
48%
Fame Friday Arena 2Piotr Lisek
48%
Fame MMA 15Radosław "Warjat Radek" Kapias
48%
Fame MMA 3Bartosz "Ruby" Brzeziński
45%
Fame MMA 13Jakub "Japczan" Piotrowicz
45%
Fame MMA 4Łukasz "Tomb" Imiełowski
45%
Fame MMA 8Michał "Sobota" Sobolewski
45%
Fame MMA 10Mikołaj Śmieszek
45%
Fame Friday Arena 1Olga "Nanami Chan" Sałacka
45%
Fame Friday Arena 1Piotr "Świr" Świerczewski
45%
Fame Friday Arena 2Roger Salla
45%
Fame MMA 2Sylwester "Bystrzak" Tkocz
45%
Fame Friday Arena 2Andrzej "Endi" Czysz
41%
Fame MMA 2Artur "Waluś" Walczak
41%
Fame MMA 3Marcin "Mnich Terminator" Wójcik
41%
Fame MMA 1Marek "Maro" Wilczak
41%
Fame MMA 11Norbert "Smolasty" Smoliński
41%
Fame MMA 11Piotr "Miły Pan" Kołaczyński
41%
Fame MMA 15 (Odwołane)Tomasz "Szalony Reporter" Matysiak
41%
Fame MMA 8Dagmara Szewczyk
38%
Fame MMA 18,19Dominika Rybak
38%
Fame MMA 8Gamou Fall
38%
Fame MMA 3Krzysztof "Bodychrist" Ciesielski
38%
Fame MMA 18Mateusz Spysiński
38%
Fame MMA 1Michał "Łysy Bogas" Bogawski
38%
Fame MMA 9Mikołaj "VanDal" Rdzanek
38%
Fame MMA 15Patryk Woźniak
38%
Fame MMA 10Piotr "Miejski Drwal" Szczurek
38%
Fame MMA 8,10Piotr Pająk
38%
Fame MMA 9,12Anna "Anna IFBB PRO" Andrzejewska
34%
Fame MMA 19Norbert "Noras" Daszkiewicz
34%
Fame MMA 19Przemysław Szyszka
34%
Fame MMA 1Krzysztof Olczak
31%
Fame MMA 15Mariusz "Sarius" Golling
31%
Fame MMA 11Patrycja "MeLady" Wieja
31%
Fame MMA 19 (Odwołane)Krzysztof "Diablo" Włodarczyk
28%
Fame MMA 1Piotr Celej
28%
Fame MMA 2Piotr "Czapi" Czapiewski
28%
OgłoszonyDaniel "El Mayo" Majewski
21%
Fame MMA 11,12Jakub "Dragon" Kaczmarski
21%
Fame MMA 11,12Adrian "Pitbull" Wieliczko
17%
Fame MMA 11Gracjan Miś
17%
Fame MMA 3 (Odwołane)Łukasz "Boy Flash" Langowski
7%
Fame MMA 11Roger Irlik
7%

Rozkład punktacji

Percentyl według liczby udzielonych odpowiedzi

Procent ludzi z każdym wynikiem

Twoja historia wyników

Nie rozwiązałeś tego quizu od ostatniego zresetowania